000 00384nam a2200169Ia 4500
008 210210b1961 xxu||||| |||| 00| 0 eng d
041 _aeng
082 _a828/640
100 _aTHOMAS (Henry)
245 _aThomas Alva Edison
260 _aDelhi
_bS. Chand & Co. Ltd.
_c1961
650 _aThomas
650 _aEdison
650 _aAlva
690 _aBiography
906 _a016486
999 _c136020
_d136020